000 00536nmm a2200193Ia 4500
008 251105s9999||||xx |||||||||||||||||und||
020 _a9788434810020
041 _aspa
100 _aMateos, Pilar
245 0 _aJeruso quiere ser gente
264 _a[Madrid, España] :
_bGrupo SM,
_c1982
300 _a108 páginas
490 _aEl Barco de Vapor Azul
650 _aAges 9-12 Years Old
700 _aMateos, Pilar
700 1 _a Ruano, Alfonso (il.)
856 _uhttps://public.digitaliapublishing.com/a/98885
942 _cCF
999 _c68618
_d68618